000 00669nam a22001817a 4500
005 20240703162307.0
010 _aENG-140741
020 _c2495.00
_a9788196915346
035 _aEN-124273
037 _bDBAD
082 _a633.1
100 _aChattopadhyay, P. K.
_968070
245 _aMillet Production, Processing and Value-Added Products Handbook/
_cP. K. Chattopadhyay
260 _aDelhi
_bNiir Project Consultancy Services
_c2019
270 _bDelhi
_a106-E, Opp. Spark Mall, Kamla Nagar
_e110007
_k01123842955
_k01123845886
_k08800733955
_mnpcs.india@gmail.com
_minfo@niir.org
300 _axxvi, 510p.
_c21cm (pb)
942 _2ddc
_cEN
_h633.1
_mCHA
999 _c203919
_d203919